1149 1244 1200 1654 1620 1146 1721 1689 1302 1242 1437 1774 1443 1037 1593 1370 1300 1437 1817 1400 1620 1793 1248 1067 1883 1936 1744 1652 1445 1041 1421 1781 1025 1221 1307 1278 1167 1267 1552 1967 1646 1755 1611 1575 1096 1094 1028 1239 1092 1896 1082 1327 1244 1666 1931 1230 1535 1965 1392 1202 1156 1006 1172 1238 1706 1665 1308 1038 1587 1347 1337 1092 1563 1018 1597 1444 1518 1939 1697 1957 1311 1191 1613 1171 1934 1717 1096 1142 1867 1616 1381 1217 1511 1591 1333 1610 1168 1264 1030 BCNSPRNW ULIB Ver.6.0+V

เปลี่ยนเป็นภาษาไทย

Change to English
 แสดงรายละเอียดบรรณานุกรม
  กลับหน้าหลัก

Brief Record : Get Marc (ISO 2709) : E-mail record : QR code < ปิดหน้าต่าง
LEADER : 00000nam 2200000uu 4500
001    13399113411
003     ULIB
008    020711s2553 th a 000 0 tha d
020    ^a9749749450167
099    ^aนว.ฬ111ด 2549
100    ^aฬีฬา
245    ^aดวงตาในดวงใจ/^cฬีฬา
250    ^aพิมพ์ครั้งที่ 1
260    ^aกรุงเทพฯ :^bยาหยี-ยาใจ,^c2549
300    ^a292 หน้า
710 1  ยาหยี-ยาใจ
945    ^p215^l0^i020198
995    ทศพร
999 ^a ^aวรรณษา ชูชัยมงคล
รายการนี้ยังไม่มีแท็ก
คุณยังไม่ได้ล็อกอิน คุณสามารถมีกิจกรรมร่วมกับเว็บไซต์ได้ แต่ต้องล็อกอินก่อน ::
  ล็อกอิน

รายการสื่อสารสนเทศ

ลำดับที่ ประเภท เลขเรียก/บาร์โค้ด สถานที่ สถานะ
1. นวนิยาย
นวนิยาย
นว.ฬ111ด 2549 ฉ.1 
  Barcode: 020198
ห้องสมุดวิทยาเขตสวรรค์ประชารักษ์
►นวนิยาย
บนชั้น
  ขอยืม

รายการใกล้เคียง
    ผู้แต่ง [ฬีฬา]

BibComment


ยังไม่เคยถูกคอมเมนท์

คอมเมนท์ทรัพยากรรายการนี้
  คอมเมนท์: ดวงตาในดวงใจ ฬีฬา


 Copyright 2026. Bcnsprnw @Library